000 01399nam a2200421 i 4500
001 17408
003 KOSZ 005
005 20200504115721.0
008 010730s1977 pl |001 0 pol
015 _aUWD 1977/3706
035 _a991016516379705066
035 _a(PL-WaBN)b14444513-48omnis_nlop
035 _ab14444513
035 _a(OCoLC)297549117
035 _a(PL)b0000001444451
035 _a(EXLNZ-48OMNIS_NETWORK)9910305841605606
040 _aWA N
_cWA N
_dKOSZ 005/HR
041 0 _apol
080 _a316.334.3
100 1 _aWiatr, Jerzy Józef
_d(1931- )
_eAutor
245 1 0 _aSocjologia stosunków politycznych /
_cJerzy J. Wiatr.
260 _aWarszawa :
_bPaństwowe Wydawnictwo Naukowe,
_c1977.
300 _a573, [3] s. ;
_c21 cm.
336 _aTekst
_btxt
_2rdacontent
337 _aBez urządzenia pośredniczącego
_bn
_2rdamedia
338 _aWolumin
_bnc
_2rdacarrier
380 _aKsiążki
388 _a1901-2000
388 _a1945-1989
504 _aBibliogr. Indeks.
650 7 _aSocjologia polityki
_2DBN
658 _aPolityka, politologia, administracja publiczna
658 _aSocjologia i społeczeństwo
710 2 _aPaństwowe Wydawnictwo Naukowe
_4pbl
856 _uhttp://koha.tu.koszalin.pl/cgi-bin/koha/opac-detail.pl?biblionumber=17408
_zKatalog online BPK
942 _2UKD
_cKS
999 _c17408
_d17408